Planning in Britain : An introductory frame work

Bibliographic Details
Main Author: Kirby, David
Other Authors: Carrick, Richard
Format: Book
Published: Slough United Kingdom : University Tutorial Press , 1985
Subjects:

MARC

LEADER 00000cam a2200000 7i4500
001 0000007819
005 20161230.0
020 |a 0723109079 
040 |a INS 
090 0 0 |a HT169.G7   |b K57 1985 
100 1 |a Kirby, David 
245 1 0 |a Planning in Britain :   |b An introductory frame work   |c David Kirby, Richard Carrick 
260 |a Slough United Kingdom :   |b University Tutorial Press ,   |c 1985 
300 |a 102 p ;   |c 26 cm. 
650 0 |a City planning   |z Great Britain 
650 0 0 |a Great Britain   |x Economic lpolicy 
700 1 |a Carrick, Richard 
999 |a 0000023013   |b BOOK   |c Open Shelf   |e Default branch